Itinerarios filosóficos (Record no. 91819)

MARC details
000 -LEADER
campo de control de longitud fija 01230nam a2200325 i 4500
001 - NÚMERO DE CONTROL
campo de control 91819
003 - IDENTIFICADOR DE NÚMERO DE CONTROL
campo de control ES-MaACL
005 - FECHA Y HORA DE LA ÚLTIMA TRANSACCIÓN
campo de control 20230906180826.0
007 - CAMPO FIJO DE DESCRIPCIÓN FÍSICA--INFORMACIÓN GENERAL
campo de control de longitud fija t|
008 - DATOS DE LONGITUD FIJA--INFORMACIÓN GENERAL
campo de control de longitud fija 050222s1999 mx ||||1| spa d
020 ## - NÚMERO INTERNACIONAL ESTÁNDAR DEL LIBRO
Número Internacional Estándar del Libro 968-12-0946-X
080 ## - NÚMERO DE LA CLASIFICACIÓN DECIMAL UNIVERSAL
Número de la Clasificación Decimal Universal 929 Gaos, José
080 ## - NÚMERO DE LA CLASIFICACIÓN DECIMAL UNIVERSAL
Número de la Clasificación Decimal Universal 929 Reyes, Alfonso
080 ## - NÚMERO DE LA CLASIFICACIÓN DECIMAL UNIVERSAL
Número de la Clasificación Decimal Universal 821.134.2(72) Reyes, Alfonso 1.06
100 1# - ENTRADA PRINCIPAL--NOMBRE DE PERSONA
Nombre de persona Gaos, José.
9 (RLIN) 53902
245 10 - MENCIÓN DEL TÍTULO
Título Itinerarios filosóficos
Resto del título : correspondencia José Gaos / Alfonso Reyes, 1939-1959 y textos de José Gaos sobre Alfonso Reyes, 1942-1968 /
Mención de responsabilidad, etc. compilación y notas de Alberto Enríquez Perea ; presentación Andrés Lira.
250 ## - MENCION DE EDICION
Mención de edición 1ª ed.
260 ## - PUBLICACIÓN, DISTRIBUCIÓN, ETC.
Lugar de publicación, distribución, etc. México, D. F. :
Nombre del editor, distribuidor, etc. El Colegio de México,
Fecha de publicación, distribución, etc. 1999.
300 ## - DESCRIPCIÓN FÍSICA
Extensión 271 p. ;
Dimensiones 21 cm.
490 1# - MENCIÓN DE SERIE
Mención de serie Colección Testimonios ;
Designación de volumen o secuencia 4
600 14 - PUNTO DE ACCESO ADICIONAL DE MATERIA--NOMBRE DE PERSONA
Nombre de persona Gaos, José-
Subdivisión de forma Correspondencia.
9 (RLIN) 53903
600 14 - PUNTO DE ACCESO ADICIONAL DE MATERIA--NOMBRE DE PERSONA
Nombre de persona Reys, Alfonso-
Subdivisión de forma Correspondencia.
9 (RLIN) 96638
600 14 - PUNTO DE ACCESO ADICIONAL DE MATERIA--NOMBRE DE PERSONA
Nombre de persona Reyes, Alfonso,
Fechas asociadas al nombre 1889-1959-
Subdivisión general Crítica e interpretación
9 (RLIN) 96557
700 1# - ENTRADA AGREGADA--NOMBRE PERSONAL
Nombre de persona Enríquez Perea, Alberto.
9 (RLIN) 47291
700 1# - ENTRADA AGREGADA--NOMBRE PERSONAL
Nombre de persona Lira, Andrés.
9 (RLIN) 72522
710 2# - ENTRADA AGREGADA--NOMBRE DE ENTIDAD CORPORATIVA
Nombre de entidad corporativa o nombre de jurisdicción como elemento de entrada Colegio de México.
9 (RLIN) 2911
830 0# - PUNTO DE ACCESO ADICIONAL DE SERIE-TÍTULO UNIFORME
Título uniforme Colección Testimonios ;
Designación de volumen o secuencia 4
9 (RLIN) 180017
852 ## - LOCALIZACIÓN
Ubicación ES-MaACL
Número de control de estantería L-28867
Sublocalización o colección R.135322
Holdings
Estatus retirado Estado de pérdida Estado de daño No para préstamo Biblioteca de origen Biblioteca actual Ubicación en estantería Fecha de adquisición Fuente de adquisición Total de préstamos Signatura topográfica completa Código de barras Visto por última vez Precio de reemplazo Tipo de ítem Koha
        Biblioteca del Ateneo de Madrid Biblioteca del Ateneo de Madrid Depósito 2 17/01/2008     L-28867 1095868 23/02/2023 23/02/2023 Libro impreso